Statistics for UK Cities Beginning With C

Click here to take the quiz!

General Stats

  • This quiz has been taken 60 times
  • The average score is 5 of 8

Answer Stats

Nation Answer % Correct
WalesCardiff
96%
EnglandChester
75%
EnglandCoventry
70%
EnglandCambridge
66%
EnglandCanterbury
57%
EnglandCarlisle
53%
EnglandChichester
45%
EnglandChelmsford
30%

Score Distribution

Percentile by Number Answered

Percent of People with Each Score

Your Score History

You have not taken this quiz